Vista normal
Vista MARC
Entrada Personal Name
Número de registros utilizados en: 1
001 - CONTROL NUMBER
- control field: 16650
003 - CONTROL NUMBER IDENTIFIER
- control field: DLC
005 - DATE AND TIME OF LATEST TRANSACTION
- control field: 20250117132055.0
008 - FIXED-LENGTH DATA ELEMENTS
- fixed length control field: 870804n| azannaabn |n aaa
010 ## - LIBRARY OF CONGRESS CONTROL NUMBER
- LC control number: n 87859031
035 ## - SYSTEM CONTROL NUMBER
- System control number: (OCoLC)oca01910655
040 ## - CATALOGING SOURCE
- Original cataloging agency: DNLM
- Language of cataloging: spa
- Transcribing agency: Mx-PuUPA
- Modifying agency: DLC
- Modifying agency: OCoLC
- Description conventions: rda
- Modifying agency: DNLM
- Modifying agency: Mx-PuUPA
046 ## - SPECIAL CODED DATES
- Birth date: 1946
100 1# - HEADING--PERSONAL NAME
- Personal name: PolgarStephen,
- Dates associated with a name: 1946-
374 ## - OCCUPATION
- Occupation: Autor
375 ## - GENDER
- Gender: hombre
377 ## - ASSOCIATED LANGUAGE
- Language code: spa
670 ## - SOURCE DATA FOUND
- Source citation: His Introduction to research in the health sciences, 1988:
- Information found: CIP t.p. (Stephen Polgar, BSc(Hon), MSC; lecturer, School of Behavioural Sciences, Lincoln School of Health Sciences, LaTrobe Univ., Melbourne, Australia)